វេទមន្តព្រះគោ ភាគ១ : (Record no. 8641)

MARC details
000 -LEADER
fixed length control field 04022nam a22003137a 4500
001 - CONTROL NUMBER
control field 8641
003 - CONTROL NUMBER IDENTIFIER
control field FISKH
005 - DATE AND TIME OF LATEST TRANSACTION
control field 20251205144330.0
008 - FIXED-LENGTH DATA ELEMENTS--GENERAL INFORMATION
fixed length control field 251007b cb ||||| |||| 00| 0 eng d
020 ## - INTERNATIONAL STANDARD BOOK NUMBER
International Standard Book Number 9789995094768
040 ## - CATALOGING SOURCE
Original cataloging agency FISKH
Language of cataloging khr
Transcribing agency FISKH
Modifying agency FISKH
050 ## - LIBRARY OF CONGRESS CALL NUMBER
Classification number PZ7
082 ## - DEWEY DECIMAL CLASSIFICATION NUMBER
Classification number 895.966
100 ## - MAIN ENTRY--PERSONAL NAME
Personal name Sotheary, Kimsun
245 ## - TITLE STATEMENT
Title វេទមន្តព្រះគោ ភាគ១ :
Remainder of title The magic of Preah Kor /
Statement of responsibility, etc. អ្នកស្រី គឹមស៊ុន សុធារី , គណះកម្មការអំនាន លោក ធី ចាន់ថន , គញ្ញា វ៉ាត ចរិយា ,​ កញ្ញា វុិច វឌ្ឍនា និងលោក សេង ចំរើន
260 ## - PUBLICATION, DISTRIBUTION, ETC.
Place of publication, distribution, etc. Phnom Penh :
Name of publisher, distributor, etc. Reading Books ,
Date of publication, distribution, etc. 2009.
300 ## - PHYSICAL DESCRIPTION
Extent 32 pages :
Other physical details color illustrations ;
Dimensions 25 cm .
490 ## - SERIES STATEMENT
Series statement ពិភពរឿងនិទាន
505 ## - FORMATTED CONTENTS NOTE
Formatted contents note P <br/>
520 ## - SUMMARY, ETC.
Summary, etc. មានប្តីប្រពន្ធក្រីក្រមួយគូររស់នៅក្នុងនគរមួយ ៕ ថ្ងៃមួយប្រពន្ធយល់សប្តិឃើញអ្នកមានបុណ្យមកចាប់ជាតិក្នុងផ្ទៃនាង ។​ ក្រោយមកស្រ្តីជាប្រពន្ធបានឡើងបេះស្វាយក៏ធ្លាក់ពីលើដើមស្វាយធ្លាយពោះស្លាប់មួយរំពេច ដោយបន្សល់ទុកនូវទារកមួយ និងកូនគោមួយ​ ដែលត្រូវបានដាក់ឈ្មោះថាព្រះគោ ព្រះកែវ ។​ អ្នកស្រុកក៏បានបណ្តេញមាណពចេញពីភូមិដោយចោទថាគ្រួសារនេះចង្រៃ ។​ ពួកគេក៏ទៅរស់នៅក្នុងព្រៃ ។ ដោយការស្រេកឃ្លានរបស់ព្រះកែវ ព្រះគោក៏ក្អេរបាយចេញពីពោះដើម្បីអោយប្អូនញុាំ ។ ឃើងដូច្នេះក្មេងៗក៏មានបំណងចាប់ព្រះគោដើម្បីវះពោះយកអាហារ ។​ ព្រះគោគ៏ងោយប្អូនតោងកន្ទុយដើម្បីហោះទៅលើមេឃ ។ ព្រះកែវក៏ចម្រើនវ័យហើយបានចាប់ចិត្តស្រលាញ់នាងពៅដែលាជាបុត្រីពៅរបស់ស្តេច ។​​
520 ## - SUMMARY, ETC.
Summary, etc. There once lived a poor husband and wife in a certain kingdom.One night, the wife had a dream in which she saw a virtuous spirit being reborn in her womb.​ Later, while picking mangoes, she fell from the tree and suddenly died, her belly torn open. She left behind a baby and a calf. The baby was named Preah Kaew (Sacred Jewel), and the calf was named Preah Ko (Sacred Cow). The villagers, believing the family was cursed or unnatural, expelled the spirit (the baby and the calf) from the village.<br/>So, they went to live in the forest. Out of hunger and compassion for Preah Kaew, Preah Ko tore open his own belly to provide food for his younger brother. When the other children saw this, they wanted to capture Preah Ko and cut open his belly to get food as well.<br/>Sensing danger, Preah Ko allowed his younger brother to cling to his tail, and they both flew up into the sky. As he grew older, Preah Kaew fell in love with a beautiful girl named Neang Peou, who was the adopted daughter of the king.
521 8# - TARGET AUDIENCE NOTE
Target audience note 650 <br/>
Source Lexile estimate <br/>
521 8# - TARGET AUDIENCE NOTE
Target audience note P <br/>
Source Raz-Plus <br/>
650 ## - SUBJECT ADDED ENTRY--TOPICAL TERM
Topical term or geographic name entry element វេមន្តព្រះគោ
Form subdivision អក្សរសិល្ប៏ខ្មែរ
650 ## - SUBJECT ADDED ENTRY--TOPICAL TERM
Topical term or geographic name entry element The magic of Preah Kor
Form subdivision Khmer Literature
700 ## - ADDED ENTRY--PERSONAL NAME
Personal name Kakada, Siem
Relator term Illustrator
942 ## - ADDED ENTRY ELEMENTS (KOHA)
Source of classification or shelving scheme Dewey Decimal Classification
Koha item type Khmer Books
Suppress in OPAC No
Holdings
Withdrawn status Lost status Source of classification or shelving scheme Damaged status Not for loan Collection Home library Current library Shelving location Date acquired Total Checkouts Full call number Barcode Date last seen Copy number Price effective from Koha item type
    Dewey Decimal Classification     Khmer-English Bilingual / ភាសាខ្មែរ-អង់គ្លេស Footprints International School Library Network Toul Tom Poung Campus Footprints International School Library Network Toul Tom Poung Campus TTP Primary Khmer Bookshelves 10/07/2025   SOT PZ7 895.966 FIS04061 10/07/2025 1 10/07/2025 Khmer Books
    Dewey Decimal Classification     Khmer-English Bilingual / ភាសាខ្មែរ-អង់គ្លេស Footprints International School Library Network Toul Tom Poung Campus Footprints International School Library Network Toul Tom Poung Campus TTP Primary Khmer Bookshelves 10/24/2025   SOT PZ7 895.966 FIS01763 10/24/2025 2 10/24/2025 Khmer Books
    Dewey Decimal Classification     Khmer-English Bilingual / ភាសាខ្មែរ-អង់គ្លេស Footprints International School Library Network Toul Tom Poung Campus Footprints International School Library Network Toul Tom Poung Campus TTP Primary Khmer Bookshelves 11/10/2025   SOT PZ7 895.966 FIS04160 11/10/2025 3 11/10/2025 Khmer Books
    Dewey Decimal Classification     Khmer-English Bilingual / ភាសាខ្មែរ-អង់គ្លេស Footprints International School Library Network Toul Tom Poung Campus Footprints International School Library Network Toul Tom Poung Campus TTP Primary Khmer Bookshelves 12/05/2025   SOT PZ7 895.966 2025-5053 12/05/2025 4 12/05/2025 Khmer Books
    Dewey Decimal Classification     Khmer-English Bilingual / ភាសាខ្មែរ-អង់គ្លេស Footprints International School Library Network Toul Tom Poung Campus Footprints International School Library Network Toul Tom Poung Campus TTP Primary Khmer Bookshelves 12/12/2025   SOT PZ7 895.966 FIS04277 12/12/2025 5 12/12/2025 Khmer Books